The war of the rose people / (Record no. 104892)
[ view plain ]
| 000 -LEADER | |
|---|---|
| fixed length control field | 00653nam a2200181 a 4500 |
| 005 - DATE AND TIME OF LATEST TRANSACTION | |
| control field | 20140412111330.0 |
| 008 - FIXED-LENGTH DATA ELEMENTS--GENERAL INFORMATION | |
| fixed length control field | 030116s19uu xx 00 eng d |
| 020 ## - INTERNATIONAL STANDARD BOOK NUMBER | |
| International Standard Book Number | 971-569-255-9 |
| 050 ## - LIBRARY OF CONGRESS CALL NUMBER | |
| Classification number | TR(GS 809.89 |
| Item number | B638 1997 |
| 100 ## - MAIN ENTRY--PERSONAL NAME | |
| Personal name | Blanco, Marivi Soliven |
| 245 ## - TITLE STATEMENT | |
| Title | The war of the rose people / |
| Statement of responsibility, etc | written by Marivi Soliven Blanco ; pictures by Bernadette C. Solina. |
| 260 ## - PUBLICATION, DISTRIBUTION, ETC. (IMPRINT) | |
| Place of publication, distribution, etc | Makati City, Philippines : |
| Name of publisher, distributor, etc | Bookmark, Inc, |
| Date of publication, distribution, etc | 1997. |
| 300 ## - PHYSICAL DESCRIPTION | |
| Extent | 1 v. (unp.) ; ill. |
| 650 ## - SUBJECT ADDED ENTRY--TOPICAL TERM | |
| Topical term or geographic name as entry element | Children stories, Philippine (English) |
| 650 ## - SUBJECT ADDED ENTRY--TOPICAL TERM | |
| Topical term or geographic name as entry element | Children's Literature, Philippine (English) |
| 650 ## - SUBJECT ADDED ENTRY--TOPICAL TERM | |
| Topical term or geographic name as entry element | Short stories, Philippine (English) |
| Withdrawn status | Lost status | Damaged status | Use restrictions | Home library | Current library | Shelving location | Date acquired | Source of acquisition | Cost, normal purchase price | Total Checkouts | Full call number | Barcode | Date last seen | Price effective from | Koha item type |
|---|---|---|---|---|---|---|---|---|---|---|---|---|---|---|---|
| Elizalde Library | Elizalde Library | Teachers Reference Section | 01/16/2003 | 180.00 | TR(GS 809.89 B638 1997 | E8939 | 04/12/2014 | 04/12/2014 | Books |